[Event "FIDE Olympiad Disabilties 2020"]
[Site "Online"]
[Date "2020.11.21"]
[Round "7.4"]
[White "Jennitha, Anto K."]
[Black "Ermakov, Maksim"]
[Result "0-1"]
[WhiteElo "2001"]
[BlackElo "1611"]
[Annotator "TA"]
[PlyCount "130"]
[EventDate "2020.11.21"]
[EventType "team-tourn"]
[EventCountry "NET"]
[SourceTitle "playchess.com"]
[Source "ChessBase"]
[SourceQuality "1"]
[WhiteTeam "India"]
[BlackTeam "Russia"]
[WhiteTeamCountry "IND"]
[BlackTeamCountry "RUS"]

1. e4 c5 2. Nf3 e6 3. d4 cxd4 4. Nxd4 a6 5. Nc3 Qc7 6. g3 Bb4 7. Bd2 Nf6 8. Bg2 Nc6 9. Nxc6 dxc6 10. O-O Be7 11. Qe2 e5 12. h3 Be6 13. Be3 O-O 14. Rfd1 b5 15. Qe1 a5 16. Ne2 b4 17. g4 Rfe8 18. Ng3 g6 19. Qf1 Bd6 20. b3 Bc8 21. Ne2 Ba6 22. Qe1 c5 23. Bg5 Nd7 24. Qd2 Re6 25. c4 f6 26. Be3 Rd8 27. Qe1 Nf8 28. Rd2 Ree8 29. Rad1 Ne6 30. f3 Bb7 31. Qf2 Nd4 32. Qe1 a4 33. Rb2 Ra8 34. Ra1 Ra6 35. Rab1 Rea8 36. Qd2 Rd8 37. Bxd4 exd4 38. Qd3 Bc6 39. Rf1 axb3 40. axb3 g5 41. Rfb1 Re8 42. Qd1 Be5 43. Qd3 Qb8 44. Nc1 Qa8 45. Re2 Bf4 46. Qc2 Be3+ 47. Kh1 Kg7 48. Nd3 Ra5 49. Qd1 h5 50. Bf1 hxg4 51. hxg4 Qb8 52. Rh2 Qg3 53. Bg2 Raa8 54. Qe1 Qd6 55. Ra1 Rh8 56. Bh3 Rxa1 57. Qxa1 Qg3 58. Qf1 Ra8 59. Bg2 Ra2 60. Rh3 Qd6 61. Rh2 Bb7 62. Rh3 Qc7 63. Rh2 Qa5 64. Rh3 Ra1 65. Ne1 Bd2 0-1

[Event "FIDE Olympiad Disabilties 2020"]
[Site "Online"]
[Date "2020.11.21"]
[Round "7.4"]
[White "Taranenko, Polina"]
[Black "Naveen, Kumar A."]
[Result "1-0"]
[WhiteElo "1445"]
[BlackElo "2035"]
[Annotator "TA"]
[PlyCount "97"]
[EventDate "2020.11.21"]
[EventType "team-tourn"]
[EventCountry "NET"]
[SourceTitle "playchess.com"]
[Source "ChessBase"]
[SourceQuality "1"]
[WhiteTeam "Russia"]
[BlackTeam "India"]
[WhiteTeamCountry "RUS"]
[BlackTeamCountry "IND"]

1. d4 d5 2. c4 e6 3. Nc3 Be7 4. Bf4 Nf6 5. e3 b6 6. Nf3 O-O 7. cxd5 Nxd5 8. Nxd5 exd5 9. Be2 c5 10. O-O Bb7 11. Rc1 Nd7 12. Ne5 Nf6 13. Bf3 h6 14. Qa4 Bd6 15. Nd3 Bxf4 16. Nxf4 Qd6 17. Rfd1 c4 18. Qc2 Rac8 19. b3 b5 20. bxc4 bxc4 21. Qc3 Bc6 22. Rb1 Rb8 23. Qa5 Rxb1 24. Rxb1 Rb8 25. Rxb8+ Qxb8 26. h3 Qb1+ 27. Kh2 Qb6 28. Qa3 a5 29. Qd6 Qb5 30. Qa3 Qb4 31. Qc1 Ne4 32. Bxe4 dxe4 33. Ne2 Kf8 34. Nc3 Ke7 35. Qd2 Qd6+ 36. g3 Bd5 37. Qb2 Ke6 38. Qb5 f5 39. Qxa5 g5 40. Qb5 Qc6 41. Qb8 Qd6 42. Qg8+ Kd7 43. Nxd5 Qe6 44. Qg7+ Kc6 45. Qc7+ Kb5 46. Qc5+ Ka6 47. Nc7+ Kb7 48. Nxe6 c3 49. Qc7+ 1-0

[Event "FIDE Olympiad Disabilties 2020"]
[Site "Online"]
[Date "2020.11.21"]
[Round "7.5"]
[White "Gurbanov, Andrei"]
[Black "Acs, Gabor"]
[Result "0-1"]
[WhiteElo "2289"]
[BlackElo "1977"]
[Annotator "TA"]
[PlyCount "52"]
[EventDate "2020.11.21"]
[EventType "team-tourn"]
[EventCountry "NET"]
[SourceTitle "playchess.com"]
[Source "ChessBase"]
[SourceQuality "1"]
[WhiteTeam "Israel"]
[BlackTeam "Hungary"]
[WhiteTeamCountry "ISR"]
[BlackTeamCountry "HUN"]

1. d4 d5 2. c4 e6 3. Nc3 c6 4. e3 Nf6 5. Nf3 Nbd7 6. Qc2 Bd6 7. b3 O-O 8. Bd3 b6 9. O-O Bb7 10. e4 dxe4 11. Nxe4 Be7 12. c5 Nxe4 13. Bxe4 Nf6 14. Be3 Nxe4 15. Qxe4 Qd5 16. Qc2 Rac8 17. Rfe1 Rfd8 18. Bg5 f6 19. Be3 bxc5 20. dxc5 Qd3 21. Qb2 e5 22. Rad1 Qxd1 23. h3 Qd5 24. Qa3 Ra8 25. Qb4 Bc8 26. Qa5 Bxh3 0-1

[Event "FIDE Olympiad Disabilties 2020"]
[Site "Online"]
[Date "2020.11.21"]
[Round "7.5"]
[White "Paal, Attila"]
[Black "Zilberman, Yaacov"]
[Result "0-1"]
[WhiteElo "2148"]
[BlackElo "2339"]
[Annotator "TA"]
[PlyCount "94"]
[EventDate "2020.11.21"]
[EventType "team-tourn"]
[EventCountry "NET"]
[SourceTitle "playchess.com"]
[Source "ChessBase"]
[SourceQuality "1"]
[WhiteTeam "Hungary"]
[BlackTeam "Israel"]
[WhiteTeamCountry "HUN"]
[BlackTeamCountry "ISR"]

1. d4 Nf6 2. c4 c5 3. d5 e5 4. Nc3 d6 5. e4 Be7 6. Bd3 Nbd7 7. Nge2 O-O 8. O-O Ne8 9. f3 Bg5 10. a3 a6 11. b4 Bxc1 12. Qxc1 cxb4 13. axb4 Qb6+ 14. Kh1 Qxb4 15. Rb1 Qa5 16. Qd2 Nef6 17. Ra1 Qc7 18. Rfb1 Nc5 19. Na4 Nxa4 20. Rxa4 Nd7 21. Nc3 Nc5 22. Rab4 Bd7 23. Bc2 Rfc8 24. h3 Be8 25. Qd1 Rab8 26. Qc1 h6 27. Qa3 Qd8 28. Ba4 Nxa4 29. Nxa4 b5 30. cxb5 Bxb5 31. Nc3 Bd3 32. Rxb8 Rxb8 33. Rxb8 Qxb8 34. Qa5 g6 35. Kh2 Kg7 36. Na4 Qb3 37. Nc3 Qc2 38. Kg1 Qc1+ 39. Kf2 Qd2+ 40. Kg1 Qe1+ 41. Kh2 Bf1 42. Kg1 h5 43. Qc7 h4 44. Qa5 Bc4+ 45. Kh2 Qf2 46. Nd1 Qd4 47. Qa4 Be2 0-1

[Event "FIDE Olympiad Disabilties 2020"]
[Site "Online"]
[Date "2020.11.21"]
[Round "7.5"]
[White "Aleksandrova, Aleksandra"]
[Black "Paal, Andras"]
[Result "0-1"]
[WhiteElo "1780"]
[BlackElo "2060"]
[Annotator "TA"]
[PlyCount "91"]
[EventDate "2020.11.21"]
[EventType "team-tourn"]
[EventCountry "NET"]
[SourceTitle "playchess.com"]
[Source "ChessBase"]
[SourceQuality "1"]
[WhiteTeam "Israel"]
[BlackTeam "Hungary"]
[WhiteTeamCountry "ISR"]
[BlackTeamCountry "HUN"]

1. d4 Nf6 2. e3 g6 3. Bd3 Bg7 4. c3 O-O 5. f4 d6 6. Nf3 c5 7. Nbd2 Nc6 8. O-O e5 9. dxe5 dxe5 10. Qc2 Ng4 11. Ne4 Qe7 12. h3 Nf6 13. Ng3 Re8 14. Ng5 h6 15. N5e4 Nxe4 16. Bxe4 f5 17. Bd5+ Be6 18. Qb3 Na5 19. Bxe6+ Qxe6 20. Qb5 b6 21. Ne2 a6 22. Qa4 Rad8 23. b4 Qc4 24. Kf2 cxb4 25. Qxb4 Qxb4 26. cxb4 Nc6 27. Rb1 b5 28. fxe5 Nxe5 29. Nf4 Kh7 30. Ke2 Nc4 31. Rb3 Rd6 32. Rd3 Rxd3 33. Nxd3 g5 34. Nc5 f4 35. Nxa6 Ra8 36. Nc7 Rxa2+ 37. Kf3 fxe3 38. Re1 Bc3 39. Re2 Ne5+ 40. Kxe3 Bd4+ 41. Kxd4 Rxe2 42. Nxb5 Nc6+ 43. Kc5 Rc2+ 44. Kb6 Rxc1 45. Nd6 Nxb4 46. Nf5 0-1

[Event "FIDE Olympiad Disabilties 2020"]
[Site "Online"]
[Date "2020.11.21"]
[Round "7.5"]
[White "Gaspar, Muriel Aranka"]
[Black "Shevelev, Arkady"]
[Result "0-1"]
[WhiteElo "1423"]
[BlackElo "2280"]
[Annotator "TA"]
[PlyCount "90"]
[EventDate "2020.11.21"]
[EventType "team-tourn"]
[EventCountry "NET"]
[SourceTitle "playchess.com"]
[Source "ChessBase"]
[SourceQuality "1"]
[WhiteTeam "Hungary"]
[BlackTeam "Israel"]
[WhiteTeamCountry "HUN"]
[BlackTeamCountry "ISR"]

1. e4 c6 2. d4 d5 3. e5 Bf5 4. g4 Bd7 5. f4 c5 6. Be3 cxd4 7. Bxd4 Nc6 8. Bb5 Nxd4 9. Bxd7+ Qxd7 10. Qxd4 Qxg4 11. Qa4+ Qd7 12. Qxd7+ Kxd7 13. Nc3 e6 14. O-O-O Rd8 15. Nf3 Kc8 16. Ng5 Nh6 17. Nb5 a6 18. Nd4 Be7 19. Ngf3 g6 20. h3 Nf5 21. Nxf5 gxf5 22. Rhg1 Rhg8 23. Rxg8 Rxg8 24. Rg1 Rxg1+ 25. Nxg1 Bc5 26. Ne2 Be3+ 27. Kd1 Kd7 28. c3 Ke7 29. h4 f6 30. Kc2 fxe5 31. fxe5 Kf7 32. Kd3 f4 33. Nd4 Bxd4 34. cxd4 Kg6 35. Ke2 Kh5 36. Kf3 Kxh4 37. Kxf4 h5 38. a3 Kh3 39. Kf3 h4 40. b3 b6 41. a4 a5 42. Kf2 Kg4 43. Kg2 h3+ 44. Kh2 Kh4 45. Kg1 Kg3 0-1

[Event "FIDE Olympiad Disabilties 2020"]
[Site "Online"]
[Date "2020.11.21"]
[Round "7.6"]
[White "Szalko, Maciej"]
[Black "Zarubinskaya, Irina"]
[Result "1-0"]
[WhiteElo "1946"]
[BlackElo "1747"]
[Annotator "TA"]
[PlyCount "63"]
[EventDate "2020.11.21"]
[EventType "team-tourn"]
[EventCountry "NET"]
[SourceTitle "playchess.com"]
[Source "ChessBase"]
[SourceQuality "1"]
[WhiteTeam "Poland"]
[BlackTeam "Ukraine"]
[WhiteTeamCountry "POL"]
[BlackTeamCountry "UKR"]

1. d4 d5 2. c4 e6 3. Nf3 Nf6 4. g3 c6 5. Bg2 Be7 6. Qc2 O-O 7. O-O b6 8. Nc3 Bb7 9. b3 Nbd7 10. Bb2 Rc8 11. Rfd1 Qc7 12. Rac1 Qb8 13. e4 dxe4 14. Ng5 c5 15. d5 exd5 16. cxd5 h6 17. Ngxe4 Nxe4 18. Nxe4 Bd6 19. f4 Rfe8 20. Qc3 Bf8 21. Qf3 f5 22. Nd2 b5 23. Qh5 Qd6 24. Qxf5 Nf6 25. Ne4 Nxe4 26. Bxe4 c4 27. Be5 Qb6+ 28. Bd4 Qc7 29. Qh7+ Kf7 30. Bg6+ Ke7 31. Bxg7 Bxg7 32. d6+ 1-0

[Event "FIDE Olympiad Disabilties 2020"]
[Site "Online"]
[Date "2020.11.21"]
[Round "7.7"]
[White "Bozinovic, Bogdan"]
[Black "Redor, Menandro"]
[Result "1-0"]
[WhiteElo "2151"]
[BlackElo "2019"]
[Annotator "TA"]
[PlyCount "115"]
[EventDate "2020.11.21"]
[EventType "team-tourn"]
[EventCountry "NET"]
[SourceTitle "playchess.com"]
[Source "ChessBase"]
[SourceQuality "1"]
[WhiteTeam "Croatia"]
[BlackTeam "Philippines"]
[WhiteTeamCountry "CRO"]
[BlackTeamCountry "PHI"]

1. d4 Nf6 2. c4 e6 3. Nc3 Bb4 4. f3 d5 5. a3 Bxc3+ 6. bxc3 h6 7. cxd5 exd5 8. e3 O-O 9. Bd3 c5 10. Ne2 b6 11. O-O Ba6 12. Ng3 Re8 13. Ra2 Bxd3 14. Qxd3 Nc6 15. Re2 Rc8 16. Bb2 c4 17. Qd1 Na5 18. e4 Nb3 19. e5 Nh7 20. f4 a5 21. Ref2 b5 22. Nf5 Rc6 23. Qf3 Qc8 24. Ne3 Rg6 25. Kh1 Kh8 26. Qxd5 Qc6 27. Qxf7 Rf8 28. Qd5 Qe8 29. f5 Rg5 30. Qf3 Qh5 31. Qf4 g6 32. f6 Rf7 33. Kg1 Nf8 34. h4 Ne6 35. Qh2 Rg4 36. Nxg4 Qxg4 37. d5 Nec5 38. e6 Nxe6 39. dxe6 Qxe6 40. Qb8+ Kh7 41. Qxb5 h5 42. Qg5 a4 43. Bc1 Nxc1 44. Rxc1 Rf8 45. Rcf1 Rf7 46. Rf3 Qb6+ 47. Kh1 Qb2 48. Rg3 Qc2 49. Rff3 Rd7 50. f7 Rd1+ 51. Kh2 Qb1 52. Qxg6+ Qxg6 53. Rxg6 Rd8 54. Rg5 Rf8 55. Rxh5+ Kg6 56. Rg5+ Kh6 57. g4 Rd8 58. f8=Q+ 1-0

[Event "FIDE Olympiad Disabilties 2020"]
[Site "Online"]
[Date "2020.11.21"]
[Round "7.7"]
[White "Kovacevic, Krsto"]
[Black "Aguilera, Felix"]
[Result "0-1"]
[WhiteElo "2117"]
[BlackElo "1785"]
[Annotator "TA"]
[PlyCount "64"]
[EventDate "2020.11.21"]
[EventType "team-tourn"]
[EventCountry "NET"]
[SourceTitle "playchess.com"]
[Source "ChessBase"]
[SourceQuality "1"]
[WhiteTeam "Croatia"]
[BlackTeam "Philippines"]
[WhiteTeamCountry "CRO"]
[BlackTeamCountry "PHI"]

1. e4 e6 2. d3 g6 3. f4 d5 4. e5 c5 5. Nf3 Nc6 6. c3 Nge7 7. Be2 Bg7 8. O-O O-O 9. g4 f6 10. d4 Qb6 11. Kh1 Bd7 12. Na3 a6 13. Nc2 Rac8 14. b3 cxd4 15. cxd4 fxe5 16. fxe5 Nb4 17. Nxb4 Qxb4 18. Bg5 Nc6 19. Rc1 Rf7 20. Bd2 Qa3 21. Rc2 Rcf8 22. Qe1 Qe7 23. Bg5 Qa3 24. Bc1 Qe7 25. Qd2 Re8 26. Kg2 Bf8 27. a3 Qd8 28. Rd1 Be7 29. Qh6 Ref8 30. Ng5 Bxg5 31. Bxg5 Qb6 32. Ra1 Qxd4 0-1

[Event "FIDE Olympiad Disabilties 2020"]
[Site "Online"]
[Date "2020.11.21"]
[Round "7.7"]
[White "Subaste, Arman"]
[Black "Glazar, Domagoj"]
[Result "1/2-1/2"]
[WhiteElo "1894"]
[BlackElo "2137"]
[Annotator "TA"]
[PlyCount "98"]
[EventDate "2020.11.21"]
[EventType "team-tourn"]
[EventCountry "NET"]
[SourceTitle "playchess.com"]
[Source "ChessBase"]
[SourceQuality "1"]
[WhiteTeam "Philippines"]
[BlackTeam "Croatia"]
[WhiteTeamCountry "PHI"]
[BlackTeamCountry "CRO"]

1. e4 Nf6 2. d3 e5 3. Nf3 Nc6 4. g3 d5 5. exd5 Nxd5 6. Bg2 Bc5 7. O-O O-O 8. Nc3 Nxc3 9. bxc3 Bg4 10. h3 Bh5 11. Qe1 Re8 12. Rb1 Bb6 13. Nd2 Na5 14. Nb3 Nxb3 15. axb3 c6 16. Be3 Bg6 17. Bxb6 Qxb6 18. Qe3 Qxe3 19. fxe3 f6 20. b4 a6 21. Ra1 Rac8 22. Ra5 Bf7 23. Be4 Red8 24. Bf5 Rc7 25. Kg2 g6 26. Bg4 f5 27. Be2 Rd5 28. Rfa1 Kg7 29. c4 Rxa5 30. Rxa5 Kf6 31. Kf2 Be6 32. c3 Bc8 33. d4 Re7 34. Rc5 Bd7 35. Ra5 Bc8 36. Rc5 exd4 37. cxd4 g5 38. b5 axb5 39. cxb5 Bd7 40. bxc6 Bxc6 41. Bd3 Be4 42. Bxe4 Rxe4 43. Rb5 Re7 44. Rb6+ Kf7 45. Kf3 Kg7 46. Rb5 Kf6 47. Rb6+ Kg7 48. Rb5 Kf6 49. Rb6+ Kg7 1/2-1/2

[Event "FIDE Olympiad Disabilties 2020"]
[Site "Online"]
[Date "2020.11.21"]
[Round "7.7"]
[White "Angot, Cheryl A."]
[Black "Vuljanic, Ana"]
[Result "1-0"]
[WhiteElo "1315"]
[BlackElo "1581"]
[Annotator "NA RC"]
[PlyCount "63"]
[EventDate "2020.11.21"]
[EventType "team-tourn"]
[EventCountry "NET"]
[SourceTitle "playchess.com"]
[Source "ChessBase"]
[SourceQuality "1"]
[WhiteTeam "Philippines"]
[BlackTeam "Croatia"]
[WhiteTeamCountry "PHI"]
[BlackTeamCountry "CRO"]

1. e4 Nf6 2. Nc3 e5 3. Nf3 Nc6 4. Be2 d5 5. exd5 Nxd5 6. O-O Bc5 7. Nxd5 Qxd5 8. d3 Be6 9. Ng5 Bf5 10. Bf3 Qd7 11. Be3 Bb6 12. Bxb6 axb6 13. Re1 f6 14. Ne4 O-O 15. Nc3 Bg6 16. h3 Rfe8 17. a4 Ra7 18. Nb5 Raa8 19. Qc1 Qc8 20. Qd2 Kh8 21. Qc3 Re7 22. Bxc6 bxc6 23. Qxc6 Be8 24. Qf3 c6 25. Nd6 Qd7 26. Nxe8 Qxe8 27. d4 e4 28. Qf4 Rd8 29. Rad1 Ra8 30. b3 Ra5 31. c4 Rf5 32. Qxf5 1-0

[Event "FIDE Olympiad Disabilties 2020"]
[Site "Online"]
[Date "2020.11.21"]
[Round "7.8"]
[White "Andreieva, Olga A"]
[Black "Rakhatbekov, Tilegen"]
[Result "1-0"]
[WhiteElo "2250"]
[BlackElo "1399"]
[Annotator "TA"]
[PlyCount "57"]
[EventDate "2020.11.21"]
[EventType "team-tourn"]
[EventCountry "NET"]
[SourceTitle "playchess.com"]
[Source "ChessBase"]
[SourceQuality "1"]
[WhiteTeam "Ukraine"]
[BlackTeam "Kyrgyzstan"]
[WhiteTeamCountry "UKR"]
[BlackTeamCountry "KGZ"]

1. e4 c5 2. Nf3 Nc6 3. d4 cxd4 4. Nxd4 e6 5. Bc4 Bc5 6. Be3 Nxd4 7. Bxd4 Bxd4 8. Qxd4 Ne7 9. O-O O-O 10. Re1 d5 11. exd5 exd5 12. Bd3 Be6 13. Nd2 Nf5 14. Qc3 Rc8 15. Qa3 a6 16. Nf3 h6 17. c3 Re8 18. Bxf5 Bxf5 19. Rxe8+ Qxe8 20. Nd4 Bd3 21. Qb3 Qd7 22. Qd1 Bf5 23. Qf3 Bg4 24. Qg3 Re8 25. h3 Bf5 26. f3 Bg6 27. Re1 Kh7 28. Rxe8 Qe7 29. Rxe7 1-0

[Event "FIDE Olympiad Disabilties 2020"]
[Site "Online"]
[Date "2020.11.21"]
[Round "7.8"]
[White "Trkaljanov, Vladimir"]
[Black "Ostry, Irina"]
[Result "1-0"]
[WhiteElo "2096"]
[BlackElo "2147"]
[Annotator "TA"]
[PlyCount "59"]
[EventDate "2020.11.21"]
[EventType "team-tourn"]
[EventCountry "NET"]
[SourceTitle "playchess.com"]
[Source "ChessBase"]
[SourceQuality "1"]
[WhiteTeam "Macedonia"]
[BlackTeam "Kyrgyzstan"]
[WhiteTeamCountry "MKD"]
[BlackTeamCountry "KGZ"]

1. e4 c5 2. Nf3 e6 3. d4 cxd4 4. Nxd4 a6 5. Nc3 Qc7 6. Bd3 Nf6 7. O-O Nc6 8. Be3 Ne5 9. f4 Neg4 10. Bd2 Bc5 11. Nce2 e5 12. fxe5 Qxe5 13. Bf4 Bxd4+ 14. Kh1 Qc5 15. Nxd4 Qxd4 16. e5 Nf2+ 17. Rxf2 Qxf2 18. exf6 Qxf4 19. Qe1+ Kd8 20. fxg7 Rg8 21. Qa5+ Ke7 22. Re1+ Kf6 23. Qc3+ Kg5 24. Rf1 Qxf1+ 25. Bxf1 d5 26. h4+ Kxh4 27. Qf6+ Kg3 28. Kg1 Be6 29. Be2 h5 30. Qf2# 1-0

[Event "FIDE Olympiad Disabilties 2020"]
[Site "Online"]
[Date "2020.11.21"]
[Round "7.8"]
[White "Arstanbekov, Dzhanysh"]
[Black "Zafirovski, Tode"]
[Result "0-1"]
[WhiteElo "1729"]
[BlackElo "2138"]
[Annotator "TA"]
[PlyCount "108"]
[EventDate "2020.11.21"]
[EventType "team-tourn"]
[EventCountry "NET"]
[SourceTitle "playchess.com"]
[Source "ChessBase"]
[SourceQuality "1"]
[WhiteTeam "Kyrgyzstan"]
[BlackTeam "Macedonia"]
[WhiteTeamCountry "KGZ"]
[BlackTeamCountry "MKD"]

1. e4 e5 2. Nf3 Nc6 3. d4 exd4 4. Nxd4 Bb4+ 5. c3 Bc5 6. Be3 Bb6 7. Na3 Nf6 8. f3 O-O 9. Nc4 d5 10. Nxb6 axb6 11. Nxc6 bxc6 12. e5 Nd7 13. f4 f6 14. e6 Qe7 15. f5 Nc5 16. Bxc5 Qxc5 17. Be2 Ba6 18. Qd4 Qd6 19. Bxa6 Rxa6 20. O-O c5 21. Qd2 Rfa8 22. a3 d4 23. cxd4 cxd4 24. Rae1 c5 25. Qd3 R6a7 26. Qc4 Re7 27. Rf3 Rd8 28. b4 h6 29. Rc1 Rc8 30. a4 Kh7 31. a5 Rec7 32. axb6 Qxb6 33. b5 Qd6 34. Re1 Rd8 35. Rd1 Rb8 36. Rb3 Qe5 37. b6 Rcb7 38. Rdb1 Qxf5 39. h3 Qe5 40. Rb5 Rc8 41. Rc1 Qe3+ 42. Kh1 Re8 43. Qxc5 Rxe6 44. Qc8 d3 45. Rd1 Qe2 46. Rg1 d2 47. Qc2+ Re4 48. Rb2 f5 49. Qxd2 Qxd2 50. Rxd2 Rxb6 51. Rf1 Rf6 52. Rd7 f4 53. Rf3 Re3 54. Rd6 Rxd6 0-1

[Event "FIDE Olympiad Disabilties 2020"]
[Site "Online"]
[Date "2020.11.21"]
[Round "7.8"]
[White "Bolotov, Toktobek"]
[Black "Gjorgjevski, Janco"]
[Result "0-1"]
[WhiteElo "1448"]
[BlackElo "1904"]
[Annotator "NA RC"]
[PlyCount "84"]
[EventDate "2020.11.21"]
[EventType "team-tourn"]
[EventCountry "NET"]
[SourceTitle "playchess.com"]
[Source "ChessBase"]
[SourceQuality "1"]
[WhiteTeam "Kyrgyzstan"]
[BlackTeam "Macedonia"]
[WhiteTeamCountry "KGZ"]
[BlackTeamCountry "MKD"]

1. d4 Nf6 2. c4 g6 3. Nc3 Bg7 4. e4 d6 5. Nf3 O-O 6. Be2 Nc6 7. O-O e5 8. d5 Ne7 9. Ne1 Nd7 10. Be3 f5 11. f3 Nf6 12. b4 f4 13. Bf2 g5 14. g4 fxg3 15. hxg3 h5 16. Be3 g4 17. Rc1 Ng6 18. Ng2 Bd7 19. c5 gxf3 20. Bxf3 Ng4 21. Qd2 Rf7 22. a4 a6 23. cxd6 cxd6 24. Bg5 Qf8 25. Qe2 Rc8 26. Ne3 Bh6 27. Bxh6 Qxh6 28. Nxg4 hxg4 29. Bg2 Qg5 30. Rc2 Rcf8 31. Rxf7 Rxf7 32. b5 Nf4 33. gxf4 exf4 34. Qd2 Qe5 35. Qf2 f3 36. Qh4 fxg2 37. Kxg2 g3 38. Nd1 Rh7 39. Qd8+ Be8 40. Re2 Rh2+ 41. Kf3 Qh5+ 42. Kf4 Rxe2 0-1

[Event "FIDE Olympiad Disabilties 2020"]
[Site "Online"]
[Date "2020.11.21"]
[Round "7.9"]
[White "Pribeanu, Mihail-Dacian"]
[Black "Venkata, Krishna Karthik K"]
[Result "0-1"]
[WhiteElo "2207"]
[BlackElo "1903"]
[Annotator "TA"]
[PlyCount "116"]
[EventDate "2020.11.21"]
[EventType "team-tourn"]
[EventCountry "NET"]
[SourceTitle "playchess.com"]
[Source "ChessBase"]
[SourceQuality "1"]
[WhiteTeam "Romania"]
[BlackTeam "India"]
[WhiteTeamCountry "ROU"]
[BlackTeamCountry "IND"]

1. c4 e5 2. g3 Nc6 3. Bg2 g6 4. h4 h6 5. Nc3 Bg7 6. d3 d6 7. Rb1 f5 8. Nd5 Nce7 9. h5 g5 10. e3 c6 11. Nc3 Nf6 12. Nge2 O-O 13. b4 a6 14. a4 Qe8 15. d4 e4 16. Ba3 d5 17. cxd5 Nexd5 18. b5 Rf7 19. bxc6 Qxc6 20. Rc1 Qb6 21. O-O Be6 22. Qd2 Bf8 23. Rb1 Qc6 24. Bxf8 Kxf8 25. Rfc1 Qd6 26. a5 Rc8 27. Na4 Rxc1+ 28. Qxc1 Rc7 29. Nc5 Nd7 30. Qb2 b5 31. axb6 N5xb6 32. d5 Bxd5 33. Qh8+ Bg8 34. Nxa6 Ra7 35. Nb4 Ne5 36. Nd4 Rh7 37. Nxf5 Qe6 38. Nd4 Rxh8 39. Nxe6+ Bxe6 40. Bxe4 Kg7 41. Nc6 Nec4 42. Nd4 Bd7 43. Bd3 Rc8 44. Bxc4 Nxc4 45. Rb7 Ne5 46. f4 Rc1+ 47. Kf2 gxf4 48. gxf4 Ng4+ 49. Ke2 Nf6 50. e4 Kf8 51. e5 Bg4+ 52. Kf2 Nxh5 53. f5 Ng7 54. Rb8+ Kf7 55. Rb7+ Kf8 56. e6 Nxf5 57. Nxf5 Bxf5 58. Rf7+ Ke8 0-1

[Event "FIDE Olympiad Disabilties 2020"]
[Site "Online"]
[Date "2020.11.21"]
[Round "7.9"]
[White "Patra Subhendu Kumar"]
[Black "Vaduva, Emil-Peter"]
[Result "0-1"]
[WhiteElo "1783"]
[BlackElo "1968"]
[Annotator "TA"]
[PlyCount "88"]
[EventDate "2020.11.21"]
[EventType "team-tourn"]
[EventCountry "NET"]
[SourceTitle "playchess.com"]
[Source "ChessBase"]
[SourceQuality "1"]
[WhiteTeam "India"]
[BlackTeam "Romania"]
[WhiteTeamCountry "IND"]
[BlackTeamCountry "ROU"]

1. e4 d5 2. exd5 Qxd5 3. Nc3 Qd6 4. g3 c6 5. Bg2 Bf5 6. Nge2 Nf6 7. d3 e6 8. O-O Be7 9. a3 O-O 10. b4 a6 11. Na4 Nbd7 12. Bf4 e5 13. Bg5 h6 14. Bc1 b5 15. Nac3 Rac8 16. Bb2 c5 17. Na2 Rfd8 18. Nec3 Qb6 19. Qe2 Bd6 20. Nd5 Nxd5 21. Bxd5 Re8 22. Qh5 Be6 23. Bg2 cxb4 24. Nxb4 Nf6 25. Qe2 a5 26. Na2 Bd5 27. Bh3 Rc7 28. Nc3 Bb7 29. Rac1 b4 30. axb4 axb4 31. Ne4 Nxe4 32. dxe4 Ba6 33. Qg4 Bxf1 34. Bxf1 Rec8 35. Bd3 Ra8 36. Kg2 Qb7 37. f4 f6 38. Qe6+ Kh8 39. Qxd6 Rd7 40. Qe6 b3 41. Qc4 Rc8 42. Qa4 bxc2 43. Ba6 Qa7 44. Bxc8 Rd2+ 0-1

[Event "FIDE Olympiad Disabilties 2020"]
[Site "Online"]
[Date "2020.11.21"]
[Round "7.9"]
[White "Marchidan, Costica"]
[Black "Ashish Krishnamuri, Desai"]
[Result "0-1"]
[WhiteElo "1770"]
[BlackElo "1965"]
[Annotator "TA"]
[PlyCount "94"]
[EventDate "2020.11.21"]
[EventType "team-tourn"]
[EventCountry "NET"]
[SourceTitle "playchess.com"]
[Source "ChessBase"]
[SourceQuality "1"]
[WhiteTeam "Romania"]
[WhiteTeamCountry "ROU"]

1. d4 Nf6 2. Nf3 e6 3. c4 d5 4. g3 dxc4 5. Bg2 c6 6. Ne5 Nbd7 7. Nxc4 Nb6 8. Ne5 Be7 9. O-O O-O 10. Nc3 Qc7 11. e4 Rd8 12. Be3 a6 13. Qb3 Nbd7 14. Nxd7 Bxd7 15. Rac1 Be8 16. Na4 b5 17. Nc5 Bxc5 18. Rxc5 Qe7 19. Rd1 Kh8 20. Bg5 h6 21. Bxf6 Qxf6 22. e5 Qe7 23. Bxc6 Bxc6 24. Rxc6 Qb7 25. Qc3 Rac8 26. Rc1 Rxc6 27. Qxc6 Qa7 28. Qc5 Qb7 29. Qb4 Qe4 30. Rd1 Rd5 31. Qf8+ Kh7 32. Qxf7 Rxd4 33. Rxd4 Qxd4 34. Qxe6 Qxb2 35. Kg2 a5 36. Qf5+ Kg8 37. e6 Qf6 38. Qd5 Kf8 39. Qc5+ Qe7 40. Qd5 Qf6 41. f4 g6 42. Kf3 Qc3+ 43. Kg4 Qf6 44. Qc5+ Qe7 45. Qe5 h5+ 46. Kf3 Qa3+ 47. Ke4 Qb4+ 0-1

[Event "FIDE Olympiad Disabilties 2020"]
[Site "Online"]
[Date "2020.11.21"]
[Round "7.9"]
[White "Sarita Manoj Kataria"]
[Black "Florea, Dorina"]
[Result "1/2-1/2"]
[WhiteElo "1266"]
[BlackElo "1741"]
[Annotator "NA RC"]
[PlyCount "45"]
[EventDate "2020.11.21"]
[EventType "team-tourn"]
[EventCountry "NET"]
[SourceTitle "playchess.com"]
[Source "ChessBase"]
[SourceQuality "1"]
[WhiteTeam "India"]
[BlackTeam "Romania"]
[WhiteTeamCountry "IND"]
[BlackTeamCountry "ROU"]

1. e4 c5 2. d3 Nc6 3. Nc3 Nf6 4. Nf3 d6 5. g3 e6 6. Bg2 Be7 7. O-O O-O 8. Re1 Bd7 9. a3 h6 10. Be3 Ng4 11. h3 Nxe3 12. Rxe3 Nd4 13. Re1 Bf6 14. Ne2 Nxf3+ 15. Bxf3 Qc7 16. Rb1 Rab8 17. b3 Bc6 18. Bg2 Rfd8 19. Nf4 Bc3 20. Rf1 d5 21. exd5 exd5 22. Ne2 Bf6 23. Nf4 1/2-1/2

[Event "FIDE Olympiad Disabilties 2020"]
[Site "Online"]
[Date "2020.11.21"]
[Round "7.10"]
[White "Abatantuono Lattarulo, Giuseppe"]
[Black "Song, Guannan Terry"]
[Result "1-0"]
[WhiteElo "2112"]
[BlackElo "2145"]
[Annotator "TA"]
[PlyCount "99"]
[EventDate "2020.11.21"]
[EventType "team-tourn"]
[EventCountry "NET"]
[SourceTitle "playchess.com"]
[Source "ChessBase"]
[SourceQuality "1"]
[WhiteTeam "Venezuela"]
[BlackTeam "Canada"]
[WhiteTeamCountry "VEN"]
[BlackTeamCountry "CAN"]

1. e4 c5 2. Nf3 d6 3. d3 Nc6 4. g3 g6 5. Bg2 Bg7 6. O-O Nf6 7. Nc3 O-O 8. Nh4 Bd7 9. f4 Rc8 10. f5 Nd4 11. g4 Bc6 12. g5 Nd7 13. Nd5 Bxd5 14. exd5 c4 15. c3 Nxf5 16. Nxf5 gxf5 17. d4 e6 18. Qh5 Qe7 19. Bd2 Rfe8 20. Rae1 Nf8 21. Qe2 Ng6 22. Qf2 Qd7 23. h4 e5 24. h5 Ne7 25. Bh3 Qb5 26. dxe5 Qxd5 27. exd6 Qxd6 28. Bf4 Qb6 29. Be3 Qc7 30. Bxa7 Ra8 31. Bb6 Qc6 32. a3 Nd5 33. Bd4 f4 34. Bxg7 Kxg7 35. Qd4+ Kg8 36. Bg2 Rxe1 37. Rxe1 Rd8 38. Re5 Re8 39. Qxd5 Rxe5 40. Qxe5 f3 41. Bf1 Qd7 42. Kh2 Qg4 43. h6 Qh4+ 44. Bh3 Qf2+ 45. Kh1 Kf8 46. Qd6+ Ke8 47. Bd7+ Kd8 48. Be6+ Ke8 49. Qd7+ Kf8 50. Qxf7# 1-0